Polskie miasta na N według podpowiedzi - Statystyki

Ogólne statystyki
  • Ten quiz został rozwiązany 121 razy
  • Średni wynik to 5 z 10
Statystyki odpowiedzi
Podpowiedź Miasto % Poprawnych
W tym podkrakowskim mieście mieści się siedziba klubu piłkarskiego Puszcza. Niepołomice
84%
Największe miasto na Podhalu. Nowy Targ
83%
Znajdują się tam źródła, z którego pozyskuje się wodę mineralną znanej marki. Nałęczów
75%
Jedno z najbardziej zanieczyszczonych miast Unii Europejskiej, nad Dunajcem. Nowy Sącz
66%
Leży w Krajnie. Zaczyna się tam Kanał Bydgoski łączący Noteć z Brdą. Nakło nad Notecią
54%
Znajduje się tu lotnisko Warszawa-Modlin. Nowy Dwór Mazowiecki
47%
Niedaleko tego miasta odkryto w 2020 roku złoże miedzi. Leży w woj. lubuskim. Nowa Sól
38%
Znane jako Śląski Rzym, miasto rodzinne siatkarza Bartosza Kurka. Nysa
38%
Nad Sanem, 3 kamienie w herbie symbolizują eksploatowaną tu niegdyś rudę żelaza. Nisko
31%
Słynie z wikliniarstwa, na tamtejszym rynku stoi największy na świecie kosz wiklinowy. Nowy Tomyśl
11%
Nie znaleziono quizów pasujących do podanych kryteriów
Rozkład punktacji
Procent ludzi z każdym wynikiem
Percentyl według liczby udzielonych odpowiedzi
Twoja historia wyników
Nie rozwiązałeś tego quizu